Dôsledky svetovej hospodárskej krízy na vybrané finančné ukazovatele v podnikoch priemyselnej výroby na Slovensku
Globálna finančná kríza a jej dôsledky na vybrané ukazovatele slovenských priemyselných podnikov. Na vzorke 224 týchto podnikov autor skúma ich finančné výkazy (Súvaha a Výkaz ziskov a strát) a determinuje vplyv krízy na ich vývoj tržieb, ukazovateľov profitability, na vlastné imanie a likviditu.
Guardado en:
| Autor principal: | |
|---|---|
| Formato: | Capítulo de libro |
| Lenguaje: | eslovaco |
| Materias: | |
| Etiquetas: |
Sin Etiquetas, Sea el primero en etiquetar este registro!
|
MARC
| LEADER | 00000nla$a2200000$$$4500 | ||
|---|---|---|---|
| 001 | 0143077 | ||
| 005 | 20240502072551.0 | ||
| 041 | 0 | |a slo | |
| 044 | |a SK | ||
| 245 | 1 | 0 | |a Dôsledky svetovej hospodárskej krízy na vybrané finančné ukazovatele v podnikoch priemyselnej výroby na Slovensku |c Martin Kračinovský |
| 520 | |a Globálna finančná kríza a jej dôsledky na vybrané ukazovatele slovenských priemyselných podnikov. Na vzorke 224 týchto podnikov autor skúma ich finančné výkazy (Súvaha a Výkaz ziskov a strát) a determinuje vplyv krízy na ich vývoj tržieb, ukazovateľov profitability, na vlastné imanie a likviditu. | ||
| 610 | 2 | 0 | |a kríza finančná |
| 610 | 2 | 0 | |a podnik priemyselný |
| 610 | 2 | 0 | |a analýzy |
| 610 | 2 | 0 | |a produkt domáci hrubý |
| 610 | 2 | 0 | |a tržby |
| 610 | 2 | 0 | |a zisk podnikový |
| 610 | 2 | 0 | |a ukazovatele makroekonomické |
| 610 | 2 | 0 | |a ukazovatele ekonomické |
| 610 | 2 | 0 | |a ukazovatele finančné |
| 610 | 2 | 0 | |a Slovensko |
| 100 | 1 | |a Kračinovský, Martin | |